Pohřbeni /
Další díl ze série psychologických thrillerů o agentce, která zkoumá myšlení psychopatů.
Uloženo v:
| Série: | Sayer Altairová,
část 2 |
|---|---|
| Hlavní autor: | |
| Další autoři: | |
| Médium: | E-kniha |
| Jazyk: | Czech |
| Vydáno: |
Praha :
Dobrovský s.r.o.,
2020
|
| Edice: | Vendeta
|
| Témata: | |
| Příbuzné jednotky: | Z cyklu::
Sayer Altairová |
| Tagy: |
Žádné tagy |
| LEADER | 02669cam a2200493 i 4500 | ||
|---|---|---|---|
| 001 | 311243 | ||
| 003 | CZ PrSKC | ||
| 005 | 20260601215702.0 | ||
| 007 | ta | ||
| 008 | 200908s2020 xr g 000 f cze d | ||
| 015 | |a cnb003252927 | ||
| 020 | |a 9788073908911 |q (vázáno) | ||
| 035 | |a (OCoLC)1250249677 | ||
| 040 | |a CBA001 |b cze |d ABG001 |e rda | ||
| 041 | 1 | |a cze |h eng | |
| 072 | 7 | |a 821.111(73)-3 |x Americká próza |2 Konspekt | |
| 080 | |a 821.111(73)-31 |2 MRF | ||
| 080 | |a (0:82-312.4) |2 MRF | ||
| 080 | |a (0:82-311.1) |2 MRF | ||
| 100 | 1 | |a Cooper, Ellison |7 xx0234922 |4 aut | |
| 240 | 1 | 0 | |a Burried. |l Česky |
| 245 | 1 | 0 | |a Pohřbeni / |c Ellison Cooper ; z anglického originálu Burried přeložil Martin Novák |
| 246 | 3 | |i Název na obálce: |a Pohřbení | |
| 264 | 1 | |a Praha : |b Dobrovský s.r.o., |c 2020 | |
| 300 | |a 395 stran ; |c 21 cm | ||
| 336 | |a text |b txt |2 rdacontent | ||
| 337 | |a bez média |b n |2 rdamedia | ||
| 338 | |a svazek |b nc |2 rdacarrier | ||
| 490 | 1 | |a Vendeta | |
| 520 | 2 | |a Další díl ze série psychologických thrillerů o agentce, která zkoumá myšlení psychopatů. |b Vyšší zvláštní agentka Sayer Altairová studuje mysl psychopatů. Teď se konečně vrací zpátky do terénu, kam ji povolali, když se agent FBI během výletu v horách propadl do jeskyně plné lidských kostí. Kosterní ostatky nalezené v Národním parku Shenandoah ve Virginii tam podle všeho leží již dvacet let. Starý případ se však rázem stane aktuálním, když agenti mezi kostmi objeví i dvě čerstvé mrtvoly. Sayer musí odhalit souvislost mezi starými kostmi a novými těly dřív, než si vrah vybere další oběť. Ten je ale o krok napřed - napadne její tým a sabotuje úsilí všech. Nakladatelská anotace. Kráceno. | |
| 655 | 7 | |a americké romány |7 fd131796 |2 czenas | |
| 655 | 7 | |a thrillery (romány) |7 fd184206 |2 czenas | |
| 655 | 7 | |a psychologické romány |7 fd278579 |2 czenas | |
| 655 | 9 | |a American fiction |2 eczenas | |
| 655 | 9 | |a thrillers (novels) |2 eczenas | |
| 655 | 9 | |a psychological novels |2 eczenas | |
| 700 | 1 | |a Novák, Martin |7 ola2006345506 |4 trl | |
| 787 | 0 | 8 | |i Z cyklu: |t Sayer Altairová |g 2 |
| 830 | 0 | |a Vendeta | |
| 900 | |a ABA001 |b 21 | ||
| 044 | |a xr | ||
| 910 | |a RBIT002 | ||
| 998 | |d 209546 |a https://core.palmknihy.cz/api/books/209546/cover?qhpr27 |b https://core.palmknihy.cz/api/books/209546/cover/400?qhpr27 |c https://core.palmknihy.cz/api/books/209546/cover/50?qhpr27 |e 2029-05-20 |i 9788073908911 |j https://core.palmknihy.cz/api/books/209546/preview.epub |k https://core.palmknihy.cz/api/books/209546/preview.pdf |l |q 49 |r 1 |s https://www.palmknihy.cz/kniha/209546 |t ebook |y 2020 |z 0 |v Sayer Altairová |w 2 | ||
| 999 | |d 311241 | ||